Every Removed Ability in Overwatch - Statistics

General Stats
  • This quiz has been taken 37 times
    9 since last reset
  • The average score is 5 of 18
Answer Stats
Picture Hint Answer % Correct
Roadhog Pig Pen
86%
Bastion Configuration: Tank
71%
Orisa Halt!
57%
Doomfist Rising Uppercut
57%
Orisa Supercharger
57%
Torbjörn Armor Pack
43%
Bastion Configuration: Sentry
43%
Cassidy Magnetic Grenade
43%
Symmetra Shield Generator
29%
Reinhardt (Removed only in 5v5) Steadfast
29%
Lifeweaver Parting Gift
14%
Sombra Stealth
14%
Torbjörn Build Turret
0%
Mei. Its removal in OW2 Season 7 returned Mei's previous playstyle Deep Chill
0%
Symmetra Photon Shield
0%
Mercy. Replaced in OW2 Season 3 with Sympathetic Recovery Regeneration
0%
Torbjörn Scrap Collector
0%
Mercy Sympathetic Recovery
0%
No matching quizzes found
Score Distribution
Percent of People with Each Score
Percentile by Number Answered
Your Score History
You have not taken this quiz since the last reset